[Event "Ulan Bator Mongolia Fed"]
[Site "Ulan Bator"]
[Date "2024.03.24"]
[Round "6"]
[White "Ulziikhishig, Khishigbat"]
[Black "Aldar, Burentegsh"]
[Result "0-1"]
[WhiteElo "1984"]
[BlackElo "2011"]
[PlyCount "38"]
[EventDate "2024.03.21"]
[EventType "swiss"]
[EventRounds "7"]
[EventCountry "MGL"]
[SourceTitle "CB13_2024"]
[SourceDate "2024.03.27"]
[SourceVersion "1"]
[SourceVersionDate "2024.03.27"]
[SourceQuality "1"]

1. d4 Nf6 2. c4 e6 3. Nc3 Bb4 4. Qc2 0-0 5. a3 Bxc3+ 6. Qxc3 d6 7. Bg5 h6 8. Bh4 b6 9. f3 c5 10. dxc5 bxc5 11. 0-0-0 Nc6 12. Bxf6 gxf6 13. Qd2 Nd4 14. Qxh6 Rb8 15. h4 e5 16. Kb1 Qa5 17. Rd3 Bf5 18. e4 Qe1+ 19. Qc1 Rxb2+ 0-1

[Event "MGL-ch"]
[Site "Ulaanbaatar"]
[Date "2023.05.29"]
[Round "10"]
[White "Ulziikhishig, Khishigbat"]
[Black "Amilal, Munkhdalai"]
[Result "1/2-1/2"]
[WhiteElo "1601"]
[BlackElo "2141"]
[PlyCount "115"]
[EventDate "2023.05.20"]
[EventType "tourn"]
[EventRounds "11"]
[EventCountry "MGL"]
[EventCategory "1"]
[SourceTitle "CBM 214 Extra"]
[Source "ChessBase"]
[SourceDate "2023.07.31"]
[SourceVersion "1"]
[SourceVersionDate "2023.07.31"]
[SourceQuality "1"]

1. d4 Nf6 2. Nc3 d5 3. Bg5 Nbd7 4. e3 e6 5. g3 h6 6. Bxf6 Nxf6 7. Bg2 c5 8. Nf3 b6 9. 0-0 Ba6 10. Re1 cxd4 11. Qxd4 Bb7 12. Ne5 a6 13. e4 Bc5 14. Qa4+ b5 15. Nxb5 0-0 16. Nc3 Qb6 17. Nd3 d4 18. Ne2 Bxe4 19. Bxe4 Nxe4 20. Nxc5 Qxc5 21. Qxd4 Qc6 22. Qe3 Rad8 23. Nd4 Rxd4 24. Qxd4 Ng5 25. Qc3 Qb7 26. Red1 Rc8 27. Qd3 Rc5 28. c4 Re5 29. h4 Nh3+ 30. Kh2 Nxf2 31. Qc2 Nxd1 32. Rxd1 f5 33. Rd2 Re1 34. Rg2 Qf3 35. Qf2 Qe4 36. Qc2 Qf3 37. Qf2 Qd1 38. Rg1 Rxg1 39. Qxg1 Qe2+ 40. Qg2 Qxc4 41. b3 Qd3 42. Qb2 Qd6 43. Qc2 Kf7 44. Qb2 e5 45. b4 e4 46. b5 axb5 47. Qxb5 Kf6 48. a4 e3 49. Kh3 Qe6 50. Qb2+ Kg6 51. Qe2 Qd5 52. h5+ Kh7 53. g4 Qh1+ 54. Kg3 Qg1+ 55. Kf4 Qf2+ 56. Qf3 Qh2+ 57. Kxe3 Qe5+ 58. Kd3 1/2-1/2

[Event "MGL-ch"]
[Site "Ulaanbaatar"]
[Date "2023.05.26"]
[Round "7"]
[White "Ulziikhishig, Khishigbat"]
[Black "Enkhnar, Enkhbaatar"]
[Result "0-1"]
[WhiteElo "1601"]
[BlackElo "2360"]
[PlyCount "102"]
[EventDate "2023.05.20"]
[EventType "tourn"]
[EventRounds "11"]
[EventCountry "MGL"]
[EventCategory "1"]
[SourceTitle "CBM 214 Extra"]
[Source "ChessBase"]
[SourceDate "2023.07.31"]
[SourceVersion "1"]
[SourceVersionDate "2023.07.31"]
[SourceQuality "1"]

1. d4 f5 2. e4 fxe4 3. Nc3 Nf6 4. Bg5 c6 5. Bxf6 exf6 6. Nxe4 d5 7. Ng3 Qe7+ 8. Qe2 Kf7 9. 0-0-0 Qxe2 10. Bxe2 g6 11. h4 h5 12. Bd3 Bd6 13. N3e2 Na6 14. a3 Nc7 15. Nh3 Bg4 16. f3 Bf5 17. Bxf5 gxf5 18. Nef4 Ne6 19. Nxe6 Kxe6 20. Rde1+ Kf7 21. Re2 Bg3 22. Nf2 Rae8 23. Rd2 Bf4 24. Nd3 Be3 25. c3 Rhg8 26. Rh2 b6 27. Kd1 c5 28. dxc5 bxc5 29. Rc2 c4 30. Nc1 Bf4 31. Rh1 Re3 32. Rf2 Rge8 33. Re2 Rb8 34. Rhe1 Rxe2 35. Rxe2 a5 36. Kc2 Rg8 37. b4 axb4 38. axb4 Bg3 39. Rd2 Bxh4 40. b5 Be1 41. Re2 Bg3 42. Na2 Bd6 43. Rd2 Bc5 44. Rxd5 Rxg2+ 45. Kb1 Be3 46. Rxf5 Kg6 47. Rd5 h4 48. Rd8 h3 49. Rh8 h2 50. Nb4 Bh6 51. Rg8+ Bg7 0-1